| 000 | 00368nam a22001457a 4500 | ||
|---|---|---|---|
| 003 | macl | ||
| 005 | 20190127160324.0 | ||
| 008 | 190127b xxu||||| |||| 00| 0 eng d | ||
| 040 | _cmacl | ||
| 100 |
_aAnand , Sandeep _973718 |
||
| 245 | _aNew Trends in Educational Technology | ||
| 260 |
_aDelhi _bAyusman pra _c2016 |
||
| 650 |
_aEducation _973719 |
||
| 942 |
_2ddc _cBK |
||
| 999 |
_c58936 _d58936 |
||